000 00678nam a2200205 a 4500
008
049 _aMAIN
090 _aGB611
100 1 _aDarkoh, Michael B. K.
245 1 0 _aCombating desertification in the Southern African region: an updated regional assessment/
_cMichael B. K. Darkoh.
260 _aMoscow :
_bCenter for International Projects,
_c1989.
300 _a370 p. :
_bill., maps ;
_c29cm.
650 _aDesertification
_zSouthern Africa.
650 _aDesertification
_xControl.
907 _a.b10085014
_b29-09-05
_c29-07-03
003
005 20230123133354.0
040 _cNUST
942 _cBOOKS
_kGB611
999 _c147467
_d147467